| 000 | 00977cam a22003254a 4500 | ||
|---|---|---|---|
| 001 | 14201885 | ||
| 003 | Ost | ||
| 005 | 20141120143024.0 | ||
| 008 | 051216r20062006nyu d 000 1 eng | ||
| 010 | _a 2005035993 | ||
| 020 | _a9780439865142 | ||
| 040 |
_aDLC _cDLC _dDLC |
||
| 042 | _alcac | ||
| 050 | 0 | 0 |
_aPZ 7 _b.W860368Sto 2007 |
| 100 | 1 |
_aWooding, Chris, _d1977- _924734 |
|
| 245 | 1 | 0 |
_aStorm thief / _cChris Wooding. |
| 250 | _a1st Orchard Books ed. | ||
| 260 |
_aNew York : _bScholastic Books Inc., _c2007. |
||
| 300 |
_a310 pages : _c22 cm. |
||
| 526 | _c800 | ||
| 650 | 1 |
_aGolem _vFiction. _924735 |
|
| 650 | 1 |
_aSurvival _vFiction. _924736 |
|
| 650 | 1 |
_aIslands _vFiction. _924737 |
|
| 650 | 1 | _aScience fiction. | |
| 906 |
_a7 _bcbc _corignew _d1 _eecip _f20 _gy-gencatlg |
||
| 942 |
_2lcc _cBK |
||
| 999 |
_c276861 _d276861 |
||